| 000 | 00762nam a22002057a 4500 | ||
|---|---|---|---|
| 005 | 20180612170601.0 | ||
| 010 | _a1718EN-30 B-689187-199 | ||
| 020 |
_c195.00 _a9788183822336 |
||
| 035 | _aB-689187-199 | ||
| 037 |
_bLotus press _adpl |
||
| 082 | _a808.88 | ||
| 100 | _aAhuja, Simar | ||
| 245 |
_aMeaningful quotes / _cby Ahuja Simar |
||
| 260 |
_aNew Delhi _bLotus Press _c2017 |
||
| 270 |
_a4263/3, Ansari Road, Darya Ganj, _bNew Delhi _e110002 |
||
| 300 |
_a366p. _c22cm (pbk) |
||
| 505 | _a | ||
| 942 |
_2ddc _cEN _mAHU _h808.88 |
||
| 999 |
_c145912 _d145912 |
||